000 00256nam a2200097Ia 4500
001 1075937
005 20250827002247.0
008 250824s9999 xx 000 0 und d
245 0 _aİSLAM DÜŞÜNCE GELENEKLERİ
_cÖMER TÜRKER
260 _bKETEBE YAYINLARI
999 _c1075937
_d1075937